000 00796cam a2200253 4500
001 772356
005 20150915122008.0
008 730810s1973 pau b 001 0 eng
010 _a 72090635
020 _a0391003135
040 _aDLC
_cDLC
_dDLC
050 0 0 _aB829.5
_b.I3
082 0 0 _a142/.7
100 1 _aIhde, Don,
_d1934-
_99081
245 1 0 _aSense and significance.
260 _aPittsburgh,
_bDuquesne University Press; distributed by Humanities Press, New York
_c[1973]
300 _a183 p.
_c23 cm.
440 0 _aDuquesne studies. Philosophical series,
_vv. 31
_919247
504 _aIncludes bibliographical references.
650 0 _aPhenomenology.
_919248
650 0 _aExperience.
_914106
906 _a7
_bcbc
_corignew
_d1
_eopcn
_f19
_gy-gencatlg
942 _2lcc
_cMONOGRAPH
999 _c123214
_d123214